Durabilidad y patología del concreto (Registro nro. 27002)
[ vista simple ]
| 000 -LÍDER | |
|---|---|
| fixed length control field | 00499nam a2200157 4500 |
| 020 ## - NÚMERO INTERNACIONAL NORMALIZADO PARA LIBROS | |
| ISBN | 958-96709-7-0 |
| 050 ## - SIGNATURA TOPOGRAFICA DE LA BIBLIOTECA DEL CONGRESO (LC) | |
| Número de Clasificación | TA440 S3 2002 |
| 082 ## - NUMERO DE CLASIFICACION DECIMAL DEWEY | |
| Número de Clasificación | 693.5 S724d |
| 100 ## - ASIENTO PRINCIPAL--NOMBRE PERSONAL | |
| Nombre personal | S nchez de Guzmán, Diego |
| 245 ## - TÍTULO | |
| Título | Durabilidad y patología del concreto |
| 250 ## - MENCIÓN DE EDICIÓN | |
| Mención de edición | 1 / reimp. 2003, 2006 |
| 260 ## - PUBLICACIÓN, DISTRIBUCIÓN, ETC. (PIE DE IMPRENTA) | |
| Lugar de publicación, distribución, etc. | Colombia : Instituto del concreto, Agocreto |
| 300 ## - DESCRIPCIÓN FÍSICA | |
| Extensión | 219 p. / 29 cm |
| 440 ## - | |
| -- | Colección especializada del concreto |
| 650 ## - ASIENTO SECUNDARIO DE MATERIA - TERMINO TEMÁTICO | |
| Término temático o nombre geográfico como elemento de entrada | 1. CONCRETO-PRUEBAS \ 2. CONCRETO-CORROSION \ 3. DETERIORO |
| No. biblioteca | No. biblioteca | Número de clasificación | Código de barras/Número de adquisición | Número de copia | Tipo de material |
|---|---|---|---|---|---|
| ÁREA DE CIVIL | ÁREA DE CIVIL | 693.5 S724d | 51469 | 1 | Libros |
| ÁREA DE CIVIL | ÁREA DE CIVIL | 693.5 S724d | 51571 | 2 | Libros |
| ÁREA DE CIVIL | ÁREA DE CIVIL | 693.5 S724d | 51748 | 3 | Libros |
| ÁREA DE CIVIL | ÁREA DE CIVIL | 693.5 S724d | 51749 | 4 | Libros |
